Football L1: Clubs par saison du premier titre - Statistiques

Statistiques générales
  • Ce quiz a été pris 201 fois
  • Le résultat moyen est 5 sur 19
Statistiques - réponses
Hint Réponse % Correct
Montpellier HSC 2011-2012
57%
RC Lens 1997-1998
54%
AJ Auxerre 1995-1996
47%
Olympique Lyonnais 2001-2002
45%
Paris SG 1985-1986
39%
Olympique Lillois 1932-1933
37%
RC Strasbourg 1978-1979
29%
FC Sète 1933-1934
28%
AS Saint-Etienne 1956-1957
22%
FC Sochaux-Montbéliard 1934-1935
18%
FC Nantes 1964-1965
15%
Girondins de Bordeaux 1949-1950
11%
AS Monaco 1960-1961
11%
OGC Nice 1950-1951
10%
Lille OSC 1945-1946
9%
Olympique de Marseille 1936-1937
8%
CO Roubaix-Tourcoing 1946-1947
8%
Stade de Reims 1948-1949
8%
RC Paris 1935-1936
7%
Aucun quiz correspondant
Distribution des résultats
% des personnes avec chaque résultat
Percentile par nombre de réponses
Votre historique - résultats
Vous n’avez pas pris ce quiz